| 000 | 00518nam a22001457a 4500 | ||
|---|---|---|---|
| 020 | _a0-09-928025-6 | ||
| 082 |
_a823 _bGRI/B |
||
| 100 | _aGRISHAM,JOHN | ||
| 245 | _aTHE BRETHREN | ||
| 260 |
_aLONDON _bARROW BOOOKS |
||
| 300 | _a366 | ||
| 520 | _aThe "Brethren" are three former judges who are incarcerated at Trumble, a fictional federal minimum security prison located in northern Florida. The trio embark on a scam to deceive and exploit wealthy closeted gay men. | ||
| 650 |
_aNOVEL,ENGLISH _zLONDON |
||
| 942 | _cBK | ||
| 999 |
_c2387 _d2387 |
||